[Event "Bicaz City Cup"]
[Site "Bicaz"]
[Date "2020.03.05"]
[Round "1"]
[White "Barila, Cristian Dorin"]
[Black "Ienasoaie, Rafael"]
[Result "0-1"]
[WhiteElo "1297"]
[BlackElo "1883"]
[PlyCount "70"]
[EventDate "2020.03.05"]
[EventType "swiss"]
[EventRounds "7"]
[EventCountry "ROU"]
[SourceTitle "CBM 195 Extra"]
[Source "ChessBase"]
[SourceDate "2020.05.31"]
[SourceVersion "1"]
[SourceVersionDate "2020.05.31"]
[SourceQuality "1"]

1. d4 Nf6 2. c4 e6 3. Nc3 Bb4 4. Bd2 b6 5. a3 Bxc3 6. Bxc3 Bb7 7. Nf3 0-0 8. e3 c5 9. Be2 d5 10. b3 Nbd7 11. 0-0 Qe7 12. Qc2 Ne4 13. Bb2 f5 14. Nd2 cxd4 15. exd4 Rac8 16. f3 Nd6 17. Rac1 f4 18. Bd3 Nf5 19. Bxf5 Rxf5 20. Rfe1 Qf7 21. Re2 h5 22. Kf2 h4 23. Rg1 a5 24. Qd3 Ba6 25. Rc1 Re8 26. Nb1 Nf6 27. Nc3 g5 28. Na4 Qd7 29. Nxb6 Qc6 30. Na4 dxc4 31. bxc4 Qxa4 32. Rxe6 Rxe6 33. Qxf5 Qe8 34. Qd3 Re3 35. Qg6+ Qxg6 0-1